000 00910nam0a22002651 4500
001 rc\4054846
005 20130415144830.8
021 _aRU
_b[54-1480]
035 _a(NLR Aleph) 008108428
090 _a9288562
_c9288562
100 _a20130415d1953 |||y0rusy50 ca
101 0 _arus
102 _aRU
105 _aab z |||||
200 1 _aОкеанография
_e[Учеб. пособие для гидрометеорол. техникумов
210 _aЛенинград
_cГидрометеоиздат
_d1953
215 _a456 с., 3 л. карт.
_cил.
_d23
320 _aБиблиогр.: с. 451 (15 назв.)
606 _aОкеанография
_jУчебники и пособия
_2psbo
700 1 _aИстошин
_bЮ. В.
_gЮрий Владимирович
801 0 _aRU
_bNLR
_gpsbo
801 1 _aRU
_bELAR
_2rusmarc
852 _aNLR
_jГн10 Г-5/123
942 _cBOOK
980 _aNB